| 000 | 005890000a22001810004500 | ||
|---|---|---|---|
| 003 | MACL | ||
| 005 | 20160524124551.0 | ||
| 008 | 160524b xxu||||| |||| 00| 0 eng d | ||
| 040 |
_aMACL _cMACL |
||
| 041 | _aHindi | ||
| 082 | _a891.433 DOB | ||
| 100 |
_aडोभाल, बल्लभ _957219 |
||
| 245 |
_aकोलाज _cबल्लभ डोभाल |
||
| 260 |
_aनई दिल्ली _bइन्द्रप्रस्थ प्रकाशन _c2010 |
||
| 350 | _a200 | ||
| 650 |
_aउपन्यास _959083 |
||
| 942 |
_cHIN _k891.433/DOB/N _2ddc |
||
| 999 |
_c47008 _d47008 |
||